书目信息 |
| 题名: |
异体字手册
|
|
| 作者: | 林瑞生 编 | |
| 分册: | ||
| 出版信息: | 南昌 江西人民出版社 1987 |
|
| 页数: | 253页 | |
| 开本: | 20cm | |
| 丛书名: | ||
| 单 册: | ||
| 中图分类: | H124.3 | |
| 科图分类: | ||
| 主题词: | 汉字--异体字 | |
| 电子资源: | ||
| ISBN: | ||
| 000 | 00607nam0 2200229 45 | |
| 001 | 0187011341 | |
| 005 | 20050419150036.5 | |
| 010 | @dCNY3.30@b精装 | |
| 091 | @a9110.23 | |
| 100 | @a19960128d1987 em y0chiy0121 ea | |
| 101 | 0 | @achi |
| 102 | @aCN@b360000 | |
| 105 | @ay z 000yy | |
| 200 | 10 | @a异体字手册@Ayi ti zi shou ce@f林瑞生编@FLin Rui Sheng Bian |
| 210 | @a南昌@c江西人民出版社@d1987 | |
| 215 | @a253页@d20cm | |
| 606 | @a汉字@x异体字 | |
| 690 | @aH124.3@v3 | |
| 701 | 0 | @a林瑞生@4编 |
| 801 | 0 | @aCN@b深圳图书馆@c20050419 |
| 801 | 2 | @aCN@bNLC@c20050419 |
| 905 | @f2@b209087-088@dH124.3@e47 | |
| 异体字手册/林瑞生编.-南昌:江西人民出版社,1987 |
| 253页;20cm |
| ISBN (精装):CNY3.30 |
| ● |
| 相关链接 |
|
|
|
|
正题名:异体字手册
索取号:H124.3/47
 
预约/预借
| 序号 | 登录号 | 条形码 | 馆藏地/架位号 | 状态 | 备注 |
| 1 | 0209087 | 002024829 | 密集书库/ [索取号:H124.3/47] | 在馆 | |
| 2 | 0209088 | 000834431 | 工具书阅览室/ [索取号:H124.3/47] | 在馆 | |
| 3 | 0209089 | 202078517 | 第二样本阅览室/ [索取号:H124.3/47] | 在馆 |